000 nam a22 a 4500
999 _c348940
_d348940
003 BLK
005 20230405091250.0
008 200306b bu |||||r|||| 00| | bu d
020 _a9786191643097
040 _aBLK
041 _aBUL
_cBUL
080 _aБългарска литература
_b821.163.2
_x-31
_z821.163.2-31
100 _aФилипова, Людмила Орлинова
_d1977-
_gПисател. Икономист. Магистър по астрономия. Журналист
_9277447
139 _aФилипова, Людмила
_bФ 50
245 _aМастиленият лабиринт
_cЛюдмила Филипова
250 _a3. изд.
260 _9215899
_aСофия
_bEnthusiast
_c2019
_fСофия : Алианс принт
300 _a430 с.
_c21 см
380 _aX
500 _aБиогр. данни за авт. отбелязани на 2-ра кор.
942 _cKNG
_n0
_s1
944 _aCR
_c2020-03-06
_kВ. Р.
999 _d348940